000 00964cab a2200265 4500
001 ABS53867
008 090401t1995 xxu||||| |||| 00| 0 eng d
035 _a(Sirsi) u7021
041 _aeng
100 _aCalpin, D.
245 _aHighways Agency announces four-way split for management of capital`s roads
260 _c1995
350 _a0
490 _aSurveyor
_v182(5359) 5 October 1995, 12-13(2)
520 _aOutlines the Highways Agency`s plans for future management and maintenance of London`s motorways and trunk roads, that seek to reduce agency agreements from 91 to 29. Suggests that these plans will create an open market between local authorities and the private sector for road contracts.
650 _aHIGHWAYS AGENCY
650 _aLONDON
650 _aMOTORWAYS
650 _aROAD MAINTENANCE
650 _aROAD MANAGEMENT
650 _aTRUNK ROADS
690 _aTRANSPORT AND COMMUNICATIONS
942 _n0
948 _c04/03/1997
999 _c4182
_d4182